Proces dokazovania v správnom konaní

Proces dokazovania ako podstatná súčasť správneho konania. Spôsoby ovplyvňovania procesu dokazovania správneho konania.

Gespeichert in:
Bibliographische Detailangaben
1. Verfasser: Hrtánek, Ladislav
Format: Buchkapitel
Sprache:Slowakisch
Schlagworte:
Tags: Tag hinzufügen
Keine Tags, Fügen Sie das erste Tag hinzu!

MARC

LEADER 00000naa a2200000 4500
001 0215445
005 20231120130938.2
041 0 |a slo 
044 |a SK 
245 1 0 |a Proces dokazovania v správnom konaní  |c Ladislav Hrtánek 
520 |a Proces dokazovania ako podstatná súčasť správneho konania. Spôsoby ovplyvňovania procesu dokazovania správneho konania. 
610 2 0 |a konanie správne 
610 2 0 |a správa verejná 
610 2 0 |a Slovensko 
610 2 0 |a poriadok súdny občiansky 
100 1 |a Hrtánek, Ladislav